000
00253nam a2200109Ia 4500
008
240625s9999 xx 000 0 und d
041
_a
eng
100
_a
THE ECONOMIC TIMES
245
_a
MAKE OVER OF INDIAN MANUFACTURING
260
_c
2004
365
_c
RS
999
_c
33630
_d
33630